Innovation in cultural systems (Record no. 33716)
[ view plain ]
| 000 -LEADER | |
|---|---|
| fixed length control field | 01516nam a2200373Ia 4500 |
| 082 04 - DEWEY DECIMAL CLASSIFICATION NUMBER | |
| Classification number | 599.9 |
| 245 00 - TITLE STATEMENT | |
| Title | Innovation in cultural systems |
| 260 ## - PUBLICATION, DISTRIBUTION, ETC. (IMPRINT) | |
| Place of publication | Cambridge, Mass. ; |
| -- | London : |
| Name of publisher | MIT Press, |
| Year of publication | 2009. |
| 300 ## - PHYSICAL DESCRIPTION | |
| Number of Pages | xi, 284 p. : |
| Other physical details | ill. |
| 490 1# - SERIES STATEMENT | |
| Series statement | Vienna series in theoretical biology |
| 650 #0 - SUBJECT ADDED ENTRY--TOPICAL TERM | |
| Topical Term | Physical anthropology. |
| Topical Term | Human evolution. |
| Topical Term | Social evolution. |
| Topical Term | Human beings |
| Topical Term | Technological innovations. |
| 700 1# - ADDED ENTRY--PERSONAL NAME | |
| Personal name | O'Brien, Michael J. |
| Personal name | Shennan, Stephen. |
| 856 40 - ELECTRONIC LOCATION AND ACCESS | |
| Uniform Resource Identifier | http://site.ebrary.com/lib/rucke/Doc?id=10347249 |
No items available.
